[Event "ISR-ch"]
[Site "Haifa"]
[Date "2010.11.15"]
[Round "6"]
[White "Berkovich, Mark A"]
[Black "Reshef, Omer"]
[Result "1-0"]
[WhiteElo "2392"]
[BlackElo "2015"]
[PlyCount "79"]
[EventDate "2010.11.08"]
[EventType "swiss"]
[EventRounds "9"]
[EventCountry "ISR"]
[SourceTitle "EXT 2011"]
[Source "ChessBase"]
[SourceDate "2010.11.26"]
[SourceVersion "1"]
[SourceVersionDate "2010.11.26"]
[SourceQuality "1"]

1. e4 e5 2. Nf3 Nc6 3. c3 d5 4. Qa4 Bd7 5. exd5 Nd4 6. Qd1 Nxf3+ 7. Qxf3 Nf6 8.
Bc4 e4 9. Qe2 Bd6 10. d4 h6 11. h3 Qe7 12. Be3 O-O-O 13. Nd2 Nh7 14. Nb3 f5 15.
Na5 f4 16. Ba6 fxe3 17. Bxb7+ Kb8 18. Bc6 exf2+ 19. Kf1 Bc5 20. dxc5 Qxc5 21.
b4 Qb6 22. c4 Bxc6 23. Nxc6+ Ka8 24. Nxd8 Rxd8 25. Qxe4 Ng5 26. Qe7 Rd6 27.
Qe8+ Kb7 28. c5 Qa6+ 29. b5 Qa3 30. cxd6 Qd3+ 31. Qe2 Qf5 32. Rd1 Ne4 33. Qf3
Qe5 34. g4 cxd6 35. Kg2 h5 36. Rhf1 h4 37. Rxf2 Ng5 38. Qd3 Ne4 39. Re2 Qf4 40.
Rxe4 1-0

[Event "Tournament (weekend) (b)"]
[Site "Vignola (Italy)"]
[Date "2010.11.14"]
[Round "4"]
[White "Menduni Alessandro"]
[Black "Faglioni Isacco"]
[Result "1/2-1/2"]
[WhiteElo "1446"]
[BlackElo "1476"]
[PlyCount "56"]
[EventDate "2010.??.??"]
[EventRounds "5"]
[SourceTitle "OM OTB B 201907"]
[Source "Opening Master"]
[SourceDate "2019.07.06"]
[SourceVersion "2"]
[SourceVersionDate "2019.07.06"]
[SourceQuality "1"]

1. e4 e5 2. Nf3 Nc6 3. c3 Nf6 4. d3 Bc5 5. Be2 O-O 6. O-O d6 7. Bg5 h6 8. Bh4
Re8 9. c4 Bg4 10. Nc3 Nd4 11. Nd5 Re6 12. Nxd4 Bxd4 13. Bxg4 g5 14. Bxe6 fxe6
15. Nxf6+ Qxf6 16. Bg3 Rf8 17. Qc2 h5 18. h3 h4 19. Bh2 g4 20. hxg4 h3 21. gxh3
Qf3 22. Qd2 Qxh3 23. Kh1 Qf3+ 24. Kg1 Qxg4+ 25. Kh1 Qf3+ 26. Kg1 Rf7 27. Qg5+
Rg7 28. Qxg7+ Kxg7 1/2-1/2

[Event "Brighton op"]
[Site "Brighton"]
[Date "2010.11.13"]
[Round "3"]
[White "Doran, Michael J"]
[Black "Castruccio Alvarez, Angelo"]
[Result "1/2-1/2"]
[WhiteElo "1870"]
[BlackElo "2010"]
[PlyCount "41"]
[EventDate "2010.11.12"]
[EventType "swiss"]
[EventRounds "5"]
[EventCountry "ENG"]
[SourceTitle "EXT 2011"]
[Source "ChessBase"]
[SourceDate "2010.11.26"]
[SourceVersion "1"]
[SourceVersionDate "2010.11.26"]
[SourceQuality "1"]

1. e4 e5 2. Nf3 Nc6 3. c3 d5 4. Bb5 dxe4 5. Nxe5 Bd7 6. Nxd7 Qxd7 7. d4 exd3 8.
Qxd3 Qxd3 9. Bxd3 O-O-O 10. Be2 Bd6 11. O-O Nge7 12. Nd2 Ng6 13. Nc4 Bf4 14. g3
Bxc1 15. Raxc1 Rhe8 16. Rfe1 Nce5 17. Nxe5 Nxe5 18. f4 Nd3 19. Bxd3 Rxe1+ 20.
Rxe1 Rxd3 21. Re7 1/2-1/2

[Event "Loire-ch Top20 1011"]
[Site "Loire"]
[Date "2010.11.06"]
[Round "2"]
[White "Aumont Mathieu, Georges"]
[Black "Moleins, Adrien"]
[Result "0-1"]
[WhiteElo "1800"]
[BlackElo "1699"]
[PlyCount "76"]
[EventDate "2010.10.09"]
[EventType "swiss"]
[EventRounds "7"]
[EventCountry "FRA"]
[SourceTitle "EXT 2012"]
[Source "ChessBase"]
[SourceDate "2011.11.24"]
[SourceVersion "1"]
[SourceVersionDate "2011.11.24"]
[SourceQuality "1"]

1. e4 e5 2. Nf3 Nc6 3. c3 f5 4. d4 fxe4 5. Nxe5 Nf6 6. Be2 Be7 7. f4 d5 8. O-O
O-O 9. Be3 Be6 10. g4 Nxe5 11. dxe5 Ne8 12. f5 Bc8 13. c4 c6 14. Nc3 Nc7 15.
Qd2 b6 16. Rad1 Bb7 17. Qc1 Qb8 18. Bf4 Bc5+ 19. Kg2 Qc8 20. a3 Be7 21. Bg3 Kh8
22. h4 Rd8 23. f6 Bf8 24. g5 Qe6 25. Qf4 Bc8 26. Nxe4 Qh3+ 27. Kg1 Ne6 28.
fxg7+ Bxg7 29. Qf7 Rf8 30. Qh5 dxe4 31. Rxf8+ Nxf8 32. Bh2 Be6 33. Rd6 Ng6 34.
Bf1 Qe3+ 35. Kh1 Nf4 36. Bxf4 Qxf4 37. Rxe6 Qxf1+ 38. Kh2 Bxe5+ 0-1

[Event "DEN-chT 1011 49th"]
[Site "Denmark"]
[Date "2010.11.06"]
[Round "1.8"]
[White "Danstrup, Niels"]
[Black "Koch, Soren A"]
[Result "1/2-1/2"]
[WhiteElo "2142"]
[BlackElo "2178"]
[PlyCount "31"]
[EventDate "2010.11.06"]
[EventType "team-tourn"]
[EventRounds "9"]
[EventCountry "DEN"]
[SourceTitle "EXT 2012"]
[Source "ChessBase"]
[SourceDate "2011.11.24"]
[SourceVersion "1"]
[SourceVersionDate "2011.11.24"]
[SourceQuality "1"]
[WhiteTeam "SK 1968"]
[BlackTeam "Nordkalotten"]
[WhiteTeamCountry "DEN"]
[BlackTeamCountry "DEN"]

1. e4 e5 2. Nf3 Nc6 3. c3 Nf6 4. d4 Nxe4 5. d5 Ne7 6. Nxe5 Ng6 7. Bd3 Nxe5 8.
Bxe4 d6 9. Qe2 Be7 10. O-O O-O 11. f4 Bg4 12. Qf2 f5 13. Bc2 Ng6 14. Be3 Bh4
15. g3 Bf6 16. Nd2 1/2-1/2

[Event "\[R\] Fast Ladder"]
[Site "http://gameknot.com/chess.pl?"]
[Date "2010.11.05"]
[Round "?"]
[White "Oregonchessguy"]
[Black "Blackscorpion"]
[Result "1/2-1/2"]
[WhiteElo "2091"]
[BlackElo "2389"]
[PlyCount "97"]
[EventDate "2010.??.??"]
[SourceTitle "OM Portal C 201906"]
[Source "Opening Master"]
[SourceDate "2019.06.27"]
[SourceVersion "1"]
[SourceVersionDate "2019.06.27"]
[SourceQuality "1"]

1. e4 e5 2. Nf3 Nc6 3. c3 d5 4. Qa4 f6 5. Bb5 Nge7 6. exd5 Qxd5 7. d4 e4 8. c4
Qd8 9. Nfd2 Kf7 10. Nxe4 Nxd4 11. c5 Nxb5 12. Qxb5 Qd7 13. Qe2 Nd5 14. O-O Qc6
15. Be3 Nxe3 16. Qxe3 h6 17. Nbd2 f5 18. Ng3 Bxc5 19. Qd3 Be6 20. Nf3 Qd5 21.
Qc3 Bd6 22. Rfe1 g6 23. Ne5+ Bxe5 24. Rxe5 Qd6 25. h4 h5 26. Ne2 Rhe8 27. Nf4
c6 28. Nxe6 Rxe6 29. Rxe6 Qxe6 30. Re1 Qd5 31. Qe3 Qd7 32. Qb3+ Kg7 33. Qb4 Kf7
34. Qb3+ Kf6 35. Rd1 Qc7 36. Qc3+ Kf7 37. Qb3+ Kg7 38. Qc3+ Kh7 39. Qf6 Rg8 40.
Re1 Rg7 41. Re8 Qf4 42. Qd8 Qc1+ 43. Kh2 Qf4+ 44. Kg1 Rf7 45. Rh8+ Kg7 46. Rg8+
Kh7 47. Rh8+ Kg7 48. Rg8+ Kh7 49. Rh8+ 1/2-1/2

[Event "Subotica"]
[Site "Subotica"]
[Date "2010.11.04"]
[Round "7"]
[White "Pacal, Mihaly"]
[Black "Mrkonjic, Nenad"]
[Result "0-1"]
[WhiteElo "2136"]
[BlackElo "2394"]
[PlyCount "174"]
[EventDate "2010.10.30"]
[EventType "tourn"]
[EventRounds "9"]
[EventCountry "YUG"]
[EventCategory "3"]
[SourceTitle "EXT 2011"]
[Source "ChessBase"]
[SourceDate "2010.11.26"]
[SourceVersion "1"]
[SourceVersionDate "2010.11.26"]
[SourceQuality "1"]

1. e4 e5 2. Nf3 Nc6 3. c3 d5 4. Qa4 Qd6 5. exd5 Qxd5 6. d4 Bd7 7. Qc4 Qxc4 8.
Bxc4 exd4 9. Nxd4 Nxd4 10. cxd4 Be6 11. Bxe6 fxe6 12. Be3 Nf6 13. Ke2 c6 14.
Nd2 Bd6 15. h3 Kd7 16. Rad1 Rhf8 17. Nf3 Nd5 18. a3 a5 19. Rc1 a4 20. Nd2 Rae8
21. Nf3 Rf5 22. Rhd1 Ref8 23. Bd2 Kc7 24. Rc4 Nb6 25. Rc2 Kd7 26. Be3 Nd5 27.
Rc4 Ra8 28. Rdc1 h6 29. R4c2 g5 30. Kd3 Raf8 31. Rc4 Nb6 32. R4c2 Kc7 33. Rh1
Rd8 34. Ke2 Nd5 35. Rc4 Ra8 36. Rhc1 Be7 37. R4c2 Raf8 38. Rc4 h5 39. Rf1 g4
40. hxg4 hxg4 41. Nd2 g3 42. Nf3 gxf2 43. Rxf2 Rg8 44. Rc1 Bd6 45. Rg1 Rg4 46.
Bd2 Bg3 47. Rff1 Kb6 48. Kd3 Bd6 49. Ne1 Bf4 50. Nf3 Bg3 51. Rh1 Bd6 52. Rhg1
Kb5 53. Re1 Bg3 54. Ref1 b6 55. Rh1 Bd6 56. Rhg1 c5 57. Re1 Bg3 58. Ref1 c4+
59. Kc2 Kc6 60. Bh6 Bf4 61. Bxf4 Nxf4 62. Kd2 Kd5 63. Ne1 Rfg5 64. Nc2 Nxg2 65.
Rf8 Kd6 66. Kc3 Rg3+ 67. Kd2 Rd3+ 68. Kc1 c3 69. Rff1 cxb2+ 70. Kxb2 Rb3+ 71.
Kc1 Rbg3 72. Rf8 Ne3 73. Rxg3 Rxg3 74. Nb4 Nd5 75. Nc2 Rb3 76. Rd8+ Kc7 77. Re8
Kd7 78. Ra8 b5 79. Kd2 Nb6 80. Ra7+ Ke8 81. Rb7 Nc4+ 82. Kc1 Kd8 83. Kd1 Kc8
84. Re7 Ne3+ 85. Kd2 Nc4+ 86. Kc1 Rc3 87. Kd1 Nxa3 0-1

[Event "FICGS__CHESS__RAPID_E__000037"]
[Site "FICGS"]
[Date "2010.11.03"]
[Round "1"]
[White "Melquiades, Jay"]
[Black "Dsouza, Stanislaus"]
[Result "1-0"]
[WhiteElo "980"]
[BlackElo "1272"]
[PlyCount "59"]
[EventDate "2010.??.??"]
[EventType "rapid"]

1. e4 e5 2. Nf3 Nc6 3. c3 d6 4. d3 Bg4 5. h3 Bh5 6. g4 Bg6 7. Na3 Nf6 8. Qb3 b6
9. Ng5 h6 10. Nf3 Be7 11. g5 hxg5 12. Bxg5 Qd7 13. Nc4 Nh5 14. Bxe7 Qxe7 15.
O-O-O Nf4 16. h4 O-O-O 17. Ng5 f6 18. Nf3 Bf7 19. d4 Na5 20. Nxa5 Qd7 21. Ba6+
Kb8 22. d5 Qg4 23. Nc6+ Ka8 24. Qa4 Ne2+ 25. Kb1 Rb8 26. Nxb8 Kxb8 27. Qc6
Qxe4+ 28. Ka1 Bxd5 29. Rxd5 Qxf3 30. Qb7# 1-0

[Event "Melbourne Cup"]
[Site "Melbourne"]
[Date "2010.11.02"]
[Round "9"]
[White "Kolak, Chris"]
[Black "Tan, Justin2"]
[Result "0-1"]
[WhiteElo "2013"]
[BlackElo "1978"]
[PlyCount "64"]
[EventDate "2010.10.29"]
[EventType "swiss"]
[EventRounds "9"]
[EventCountry "AUS"]
[SourceTitle "EXT 2012"]
[Source "ChessBase"]
[SourceDate "2011.11.24"]
[SourceVersion "1"]
[SourceVersionDate "2011.11.24"]
[SourceQuality "1"]

1. e4 e5 2. Nf3 Nc6 3. c3 Nf6 4. d4 Nxe4 5. d5 Ne7 6. Nxe5 Ng6 7. Nxg6 hxg6 8.
Qf3 Nf6 9. Be3 d6 10. Bb5+ Bd7 11. Bxd7+ Qxd7 12. O-O Qb5 13. Re1 O-O-O 14. c4
Qxc4 15. Nc3 Qg4 16. Rac1 Qxf3 17. gxf3 a6 18. b4 Kd7 19. Red1 Rh5 20. Rd4 Be7
21. a4 Rdh8 22. Bf4 Rf5 23. Be3 Rhh5 24. b5 Nxd5 25. bxa6 bxa6 26. Nxd5 Rxd5
27. Rdc4 Bd8 28. Rb1 Rh4 29. f4 g5 30. Rb7 gxf4 31. Rxf4 Rxf4 32. Bxf4 Rd4 0-1

[Event "Wch Seniors 20th"]
[Site "Arco"]
[Date "2010.11.02"]
[Round "7"]
[White "Barlocco, Carlo"]
[Black "Santos, Julio Fernandes"]
[Result "0-1"]
[WhiteElo "2175"]
[BlackElo "2057"]
[PlyCount "74"]
[EventDate "2010.10.26"]
[EventType "swiss"]
[EventRounds "11"]
[EventCountry "ITA"]
[SourceTitle "EXT 2011"]
[Source "ChessBase"]
[SourceDate "2010.11.26"]
[SourceVersion "1"]
[SourceVersionDate "2010.11.26"]
[SourceQuality "1"]

1. e4 e5 2. Nf3 Nc6 3. c3 d6 4. d4 Be7 5. Bb5 Bd7 6. O-O Bf6 7. Re1 Nge7 8. Na3
O-O 9. Bf1 Ng6 10. Nc4 Re8 11. d5 Nb8 12. Qb3 b6 13. a4 a5 14. Ne3 Qc8 15. Qa3
Ne7 16. Bd2 g5 17. Rec1 h6 18. Qb3 Kh7 19. Bb5 Rg8 20. c4 Qd8 21. Qc2 Na6 22.
Nd4 Bc8 23. Bxa6 Rxa6 24. Ra3 exd4 25. e5+ Ng6 26. exf6 dxe3 27. Bxe3 Qxf6 28.
Bd2 Bf5 29. Qd1 Ne5 30. Qf1 Qg6 31. Rcc3 Nd7 32. c5 Raa8 33. cxb6 Nxb6 34. Rxc7
Nxd5 35. Rb7 Nf4 36. Qc4 Be6 37. Qb5 Qb1+ 0-1

[Event "Bayern-chI Bank Hofmann 14th"]
[Site "Bad Wiessee"]
[Date "2010.11.01"]
[Round "4"]
[White "Bach, Matthias"]
[Black "Buhmann, Rainer"]
[Result "1/2-1/2"]
[WhiteElo "2276"]
[BlackElo "2563"]
[PlyCount "45"]
[EventDate "2010.10.30"]
[EventType "swiss"]
[EventRounds "9"]
[EventCountry "GER"]
[SourceTitle "EXT 2011"]
[Source "ChessBase"]
[SourceDate "2010.11.26"]
[SourceVersion "1"]
[SourceVersionDate "2010.11.26"]
[SourceQuality "1"]

1. e4 e5 2. Nf3 Nc6 3. c3 Nf6 4. Bb5 Nxe4 5. d4 Nd6 6. Bxc6 dxc6 7. Nxe5 Be7 8.
O-O O-O 9. Re1 Re8 10. Nd2 Bf8 11. Nf1 f6 12. Nd3 Rxe1 13. Nxe1 Be6 14. Nd3 a5
15. Bf4 Bf7 16. f3 Qd7 17. Ng3 b6 18. h4 Re8 19. Qc2 Nf5 20. Nc5 bxc5 21. Qxf5
Qxf5 22. Nxf5 Re2 23. b3 1/2-1/2

[Event "Wch Seniors 20th"]
[Site "Arco"]
[Date "2010.10.30"]
[Round "5"]
[White "Zunker, Reinhard"]
[Black "Damian, Pavel"]
[Result "1-0"]
[WhiteElo "2198"]
[BlackElo "1951"]
[PlyCount "79"]
[EventDate "2010.10.26"]
[EventType "swiss"]
[EventRounds "11"]
[EventCountry "ITA"]
[SourceTitle "EXT 2011"]
[Source "ChessBase"]
[SourceDate "2010.11.26"]
[SourceVersion "1"]
[SourceVersionDate "2010.11.26"]
[SourceQuality "1"]

1. e4 e5 2. Nf3 Nc6 3. c3 Nf6 4. d4 Nxe4 5. d5 Ne7 6. Nxe5 Ng6 7. Nd3 d6 8.
Qa4+ Bd7 9. Qxe4+ Be7 10. Be3 O-O 11. Nd2 f5 12. Qb4 b6 13. Nf4 a5 14. Qd4 Bf6
15. Qd3 Nxf4 16. Bxf4 Re8+ 17. Kd1 Qe7 18. Be2 b5 19. h4 b4 20. Bg5 Rab8 21. c4
c6 22. Bf3 c5 23. Kc2 Bxg5 24. hxg5 Qxg5 25. Rae1 Re5 26. Rxe5 dxe5 27. d6 Qf6
28. Bd5+ Kh8 29. g4 e4 30. Qg3 Re8 31. Qh4 Qg6 32. Qh5 Qxh5 33. gxh5 Rf8 34.
Kc1 a4 35. Re1 Rf6 36. f3 exf3 37. Nxf3 h6 38. Re7 Rxd6 39. Ne5 Bb5 40. Nf7+
1-0

[Event "FRA-GER m U14"]
[Site "Cap d'Agde"]
[Date "2010.10.29"]
[Round "7.4"]
[White "Rigolot, Lucie"]
[Black "Berger, Nadja"]
[Result "1/2-1/2"]
[WhiteElo "1946"]
[BlackElo "1738"]
[PlyCount "58"]
[EventDate "2010.10.23"]
[EventType "team-match"]
[EventRounds "5"]
[EventCountry "FRA"]
[SourceTitle "EXT 2016"]
[Source "ChessBase"]
[SourceDate "2015.10.10"]
[SourceVersion "1"]
[SourceVersionDate "2015.10.10"]
[SourceQuality "1"]
[WhiteTeam "FRA"]
[BlackTeam "GER"]
[WhiteTeamCountry "FRA"]
[BlackTeamCountry "GER"]

1. e4 e5 2. Nf3 Nc6 3. c3 Nf6 4. d4 exd4 5. e5 Ng8 6. cxd4 d5 7. Nc3 Bb4 8. Bd3
Nge7 9. Qc2 h6 10. Be3 Be6 11. a3 Ba5 12. b4 Bb6 13. Na4 Qc8 14. Nxb6 cxb6 15.
Nh4 Qd7 16. Rc1 Rc8 17. Qb1 O-O 18. f4 f5 19. exf6 Rxf6 20. O-O Nf5 21. Nxf5
Bxf5 22. Bxf5 Qxf5 23. Qxf5 Rxf5 24. b5 Ne7 25. g4 Rff8 26. f5 a6 27. a4 axb5
28. axb5 Rxc1 29. Bxc1 Nc8 1/2-1/2

[Event "Wch Seniors 20th"]
[Site "Arco"]
[Date "2010.10.29"]
[Round "4"]
[White "Micheli, Carlo"]
[Black "Timoscenko, Gennadij"]
[Result "0-1"]
[WhiteElo "2263"]
[BlackElo "2499"]
[PlyCount "80"]
[EventDate "2010.10.26"]
[EventType "swiss"]
[EventRounds "11"]
[EventCountry "ITA"]
[SourceTitle "EXT 2011"]
[Source "ChessBase"]
[SourceDate "2010.11.26"]
[SourceVersion "1"]
[SourceVersionDate "2010.11.26"]
[SourceQuality "1"]

1. e4 e5 2. Nf3 Nc6 3. c3 d5 4. Qa4 Bd7 5. d3 Nd4 6. Qd1 Nxf3+ 7. Qxf3 Bc6 8.
Nd2 g6 9. g4 Bg7 10. Bg2 Ne7 11. h4 f5 12. gxf5 O-O 13. f6 Rxf6 14. Qg3 Kh8 15.
Nb3 dxe4 16. dxe4 h5 17. Bg5 Rd6 18. O-O Bb5 19. Rfe1 Qe8 20. f4 Ng8 21. f5 b6
22. Nd4 Bd7 23. Nf3 Rb8 24. f6 Nxf6 25. Nxe5 Ng4 26. Nxg4 Bxg4 27. Bf4 Rd7 28.
Bf1 Qf8 29. e5 Re8 30. b4 Rf7 31. Re4 Bf5 32. Rd4 c5 33. Rd6 Bg4 34. Rf6 Rxf6
35. exf6 Qxf6 36. Rc1 cxb4 37. cxb4 Qd4+ 38. Kh2 Qxb4 39. Bd3 Rf8 40. Rf1 Kh7
0-1

[Event "Rohde op 10th"]
[Site "Sautron"]
[Date "2010.10.27"]
[Round "6"]
[White "Pirotais, Jerome"]
[Black "Roussel, Glenn"]
[Result "1-0"]
[WhiteElo "2058"]
[BlackElo "1676"]
[PlyCount "61"]
[EventDate "2010.10.23"]
[EventType "swiss"]
[EventRounds "9"]
[EventCountry "FRA"]
[SourceTitle "EXT 2012"]
[Source "ChessBase"]
[SourceDate "2011.11.24"]
[SourceVersion "1"]
[SourceVersionDate "2011.11.24"]
[SourceQuality "1"]

1. e4 e5 2. Nf3 Nc6 3. c3 d5 4. Qa4 Bd7 5. exd5 Nd4 6. Qd1 Nxf3+ 7. Qxf3 Nf6 8.
Bc4 Bc5 9. O-O O-O 10. h3 c6 11. d3 Qc7 12. dxc6 Bxc6 13. Qg3 Kh8 14. Bg5 Be7
15. Re1 Rae8 16. Nd2 h6 17. Bxf6 Bxf6 18. Nf3 Qb6 19. Bb3 Bxf3 20. Qxf3 Rd8 21.
Rad1 a5 22. Re2 Rd7 23. Bd5 Rfd8 24. c4 Kg8 25. b3 Qa6 26. Qe4 a4 27. b4 Qd6
28. a3 b6 29. Re3 b5 30. Bc6 Ra7 31. Bxb5 1-0

[Event "Rohde op 10th"]
[Site "Sautron"]
[Date "2010.10.26"]
[Round "5"]
[White "Hutois, Mickael"]
[Black "Marholev, Dimitar"]
[Result "0-1"]
[WhiteElo "2120"]
[BlackElo "2407"]
[PlyCount "116"]
[EventDate "2010.10.23"]
[EventType "swiss"]
[EventRounds "9"]
[EventCountry "FRA"]
[SourceTitle "EXT 2012"]
[Source "ChessBase"]
[SourceDate "2011.11.24"]
[SourceVersion "1"]
[SourceVersionDate "2011.11.24"]
[SourceQuality "1"]

1. e4 e5 2. Nf3 Nc6 3. c3 Nf6 4. Qa4 d6 5. Be2 Bd7 6. Qc2 g6 7. d4 Bg7 8. dxe5
Nxe5 9. Nxe5 dxe5 10. O-O Bc6 11. f3 O-O 12. b4 Nh5 13. b5 Bd7 14. Rd1 Qc8 15.
Qb3 Be6 16. Bc4 Bxc4 17. Qxc4 a6 18. Na3 Nf4 19. Be3 Ne6 20. Rd2 Rd8 21. Rad1
Rxd2 22. Rxd2 Bf8 23. Nc2 axb5 24. Qxb5 Bd6 25. Qc4 Qe8 26. Qd5 b6 27. Bf2 Ra5
28. Qb3 Nc5 29. Qc4 b5 30. Qd5 Na4 31. c4 Bf8 32. Ne3 c6 33. Qd8 Qxd8 34. Rxd8
b4 35. Bh4 Nc5 36. Ng4 Ne6 37. Rb8 g5 38. Bg3 h5 39. Nxe5 Kg7 40. Nxc6 Rxa2 41.
Nxb4 Ra1+ 42. Kf2 Bc5+ 43. Ke2 Rg1 44. Kd3 h4 45. Be5+ f6 46. Rb7+ Kg6 47. Bb8
Rb1 48. Kc3 Nd4 49. Ba7 Rb3+ 50. Kd2 Rxb4 51. Rc7 Bxa7 52. Rxa7 Rxc4 53. Kd3
Nc6 54. Kxc4 Nxa7 55. g3 Nc6 56. f4 gxf4 57. gxf4 f5 58. e5 Kf7 0-1

[Event "FICGS rapid C 000094 email"]
[Site "FICGS email"]
[Date "2010.10.26"]
[Round "1"]
[White "Laine, Jari"]
[Black "Prie, Eric"]
[Result "1-0"]
[WhiteElo "1663"]
[BlackElo "1593"]
[PlyCount "21"]
[EventDate "2010.??.??"]
[EventType "tourn (rapid)"]
[EventRounds "6"]
[SourceTitle "OM Corr 202003"]
[Source "Opening Master"]
[SourceDate "2019.05.30"]
[SourceVersion "2"]
[SourceVersionDate "2019.05.30"]
[SourceQuality "1"]

1. e4 e5 2. Nf3 Nc6 3. c3 Nf6 4. d4 exd4 5. e5 Nd5 6. Qb3 Nde7 7. Bc4 d5 8.
exd6 Qxd6 9. Bxf7+ Kd8 10. O-O h6 11. Rd1 1-0

[Event "USA tt"]
[Site "ICC INT"]
[Date "2010.10.25"]
[Round "10"]
[White "Lopez, Nelson M"]
[Black "Magness, Trevor"]
[Result "0-1"]
[WhiteElo "2163"]
[BlackElo "2126"]
[PlyCount "102"]
[EventDate "2010.08.23"]
[EventType "team"]
[EventRounds "10"]
[EventCountry "USA"]
[SourceTitle "CBM 138 Extra"]
[Source "ChessBase"]
[SourceDate "2010.10.29"]
[SourceVersion "1"]
[SourceVersionDate "2010.10.29"]
[SourceQuality "1"]

1. e4 e5 2. Nf3 Nc6 3. c3 d5 4. Qa4 f6 5. Bb5 Nge7 6. exd5 Qxd5 7. d4 a6 8.
Bxc6+ Nxc6 9. dxe5 fxe5 10. O-O Bd7 11. Qc2 O-O-O 12. Be3 Bg4 13. Nbd2 g6 14.
b4 Bg7 15. a4 Bf5 16. Qb3 e4 17. b5 exf3 18. Qxd5 Rxd5 19. bxc6 Bxc3 20. cxb7+
Kxb7 21. Ra2 fxg2 22. Kxg2 Re8 23. Nb3 Be4+ 24. f3 Bd3 25. Nc5+ Kc8 26. Nxd3
Rxe3 27. Nf2 c5 28. Ne4 Bb4 29. Nf6 Rf5 30. Ne4 Kc7 31. Rc1 Kc6 32. Rd1 Rd5 33.
Rc1 Red3 34. h4 Rf5 35. Rf1 h5 36. Ng5 Rd4 37. Ne4 Rd3 38. Ng5 c4 39. Rc2 Kd5
40. Rfc1 Bd2 41. Rxc4 Bxc1 42. Rxc1 Rf4 43. Ne4 Rfxf3 44. Nc5 Rc3 45. Nxa6 Rxc1
46. Kxf3 Rc4 47. a5 Kc6 48. Nb8+ Kc7 49. Nd7 Kxd7 50. a6 Kc7 51. a7 Kb7 0-1

[Event "RA-2010-0-00108"]
[Site "Lechenicher SchachServer"]
[Date "2010.10.25"]
[Round "?"]
[White "Kroes, Friso"]
[Black "Mostowik, Daniel"]
[Result "1/2-1/2"]
[WhiteElo "2008"]
[BlackElo "2062"]
[PlyCount "75"]
[EventDate "2010.09.17"]
[SourceTitle "OM Corr 202003"]
[Source "Opening Master"]
[SourceDate "2019.05.30"]
[SourceVersion "2"]
[SourceVersionDate "2019.05.30"]
[SourceQuality "1"]

1. e4 e5 2. Nf3 Nc6 3. c3 d5 4. Qa4 Qd6 5. exd5 Qxd5 6. Bb5 Bd7 7. d3 Nf6 8.
O-O Bd6 9. Bg5 Qe6 10. Nbd2 O-O 11. Rfe1 a6 12. Bc4 Qf5 13. Qc2 b5 14. Bb3 h6
15. Bxf6 Qxf6 16. Bd5 Rae8 17. a4 Ne7 18. Bb3 Qf5 19. Ne4 Ng6 20. axb5 axb5 21.
Ra6 Nf4 22. Qd1 Ra8 23. Rxa8 Rxa8 24. d4 Bc6 25. Nh4 Qd7 26. dxe5 Bxe5 27. Qxd7
Bxd7 28. Nf3 Nd3 29. Nxe5 Nxe1 30. Nxd7 Nd3 31. g3 Rd8 32. Nec5 Nxc5 33. Nxc5
Rd2 34. c4 c6 35. Kg2 Rxb2 36. cxb5 cxb5 37. Kf3 Kf8 38. Ke3 1/2-1/2

[Event "Cap d'Agde CCAS Gp-A"]
[Site "Cap d'Agde"]
[Date "2010.10.24"]
[Round "3"]
[White "Milliet, Sophie"]
[Black "Kosintseva, Nadezhda"]
[Result "0-1"]
[WhiteElo "2388"]
[BlackElo "2565"]
[PlyCount "146"]
[EventDate "2010.10.23"]
[EventType "tourn (rapid)"]
[EventRounds "7"]
[EventCountry "FRA"]
[EventCategory "15"]
[SourceTitle "EXT 2011"]
[Source "ChessBase"]
[SourceDate "2010.11.26"]
[SourceVersion "1"]
[SourceVersionDate "2010.11.26"]
[SourceQuality "1"]

1. e4 e5 2. Nf3 Nc6 3. c3 d5 4. d3 Nf6 5. Nbd2 Be7 6. Be2 O-O 7. b4 a6 8. Bb2
Bg4 9. O-O Bxf3 10. Bxf3 d4 11. cxd4 Nxd4 12. a3 c5 13. Bxd4 cxd4 14. Nc4 Bd6
15. Bg4 Bc7 16. Bh3 Qe7 17. Qc2 b5 18. Nd2 a5 19. Qc5 Qxc5 20. bxc5 a4 21. Rab1
Rfb8 22. Rfc1 Kf8 23. Kf1 Ke7 24. Ke2 Ne8 25. Rc2 Ba5 26. g3 Nc7 27. f4 Bxd2
28. Kxd2 f6 29. Rcc1 Na6 30. Rb2 Ra7 31. Rbc2 Rc7 32. c6 Rb6 33. Bd7 b4 34.
axb4 Rxb4 35. Rc4 Rb2+ 36. R1c2 Rxc2+ 37. Kxc2 Nb8 38. fxe5 fxe5 39. Bf5 g6 40.
Bg4 Rxc6 41. Rxc6 Nxc6 42. Kb2 Nb4 43. Be2 Kd6 44. Ka3 Kc5 45. Kxa4 g5 46. Kb3
Nc6 47. Bg4 h6 48. Be2 Na7 49. Bg4 Nb5 50. Bh5 Nc7 51. Bg4 Ne8 52. Kc2 Kb4 53.
Kd2 Nd6 54. Bd1 Nb7 55. Bh5 Nc5 56. Bd1 Ka3 57. Kc2 Na6 58. Bg4 Nb4+ 59. Kd2
Kb2 60. Be6 Nc2 61. Ke2 Kc3 62. Bc4 Na3 63. Ba6 Nb1 64. h4 Nd2 65. hxg5 hxg5
66. Bb5 Nb3 67. Kf3 Nc1 68. Kg4 Nxd3 69. Kxg5 Nc1 70. Kf5 d3 71. Bxd3 Nxd3 72.
g4 Kd4 73. g5 Nf4 0-1

[Event "RA-2010-0-00108"]
[Site "Lechenicher SchachServer"]
[Date "2010.10.24"]
[Round "?"]
[White "Kroes, Friso"]
[Black "Salzmann, Stefan"]
[Result "0-1"]
[WhiteElo "2008"]
[BlackElo "2127"]
[PlyCount "44"]
[EventDate "2010.09.17"]
[SourceTitle "OM Corr 202003"]
[Source "Opening Master"]
[SourceDate "2019.05.30"]
[SourceVersion "2"]
[SourceVersionDate "2019.05.30"]
[SourceQuality "1"]

1. e4 e5 2. Nf3 Nc6 3. c3 d5 4. Qa4 Nf6 5. Nxe5 Bd6 6. Nxc6 bxc6 7. d3 O-O 8.
Be2 Re8 9. Nd2 Bg4 10. f3 Bd7 11. Qd4 Qe7 12. Qf2 Nh5 13. g3 f5 14. f4 fxe4 15.
Bxh5 g6 16. dxe4 gxh5 17. e5 Bxe5 18. fxe5 Qxe5+ 19. Kd1 Bg4+ 20. Kc2 Bf5+ 21.
Kd1 Re6 22. h3 Rae8 0-1

[Event "2.liga D 2009/2010"]
[Site "Presov"]
[Date "2010.10.23"]
[Round "1.5"]
[White "Rahl, Vojtech"]
[Black "Ondo, Radoslav"]
[Result "1-0"]
[WhiteElo "2102"]
[BlackElo "2102"]
[PlyCount "103"]
[EventDate "2010.10.23"]
[EventRounds "2"]
[EventCountry "SVK"]
[SourceTitle "OM OTB B 201907"]
[Source "Opening Master"]
[SourceDate "2019.07.06"]
[SourceVersion "2"]
[SourceVersionDate "2019.07.06"]
[SourceQuality "1"]

1. e4 e5 2. Nf3 Nc6 3. c3 Be7 4. d4 d6 5. Bb5 exd4 6. cxd4 Bd7 7. O-O Nf6 8. e5
Nd5 9. Qb3 Nb6 10. exd6 cxd6 11. d5 Nb8 12. Nc3 O-O 13. Bf4 Bxb5 14. Nxb5 N8d7
15. Nc3 Nc5 16. Qc2 Rc8 17. Rad1 Nca4 18. Qb3 Nc5 19. Qb5 Bf6 20. Nd4 g6 21.
Rfe1 Kg7 22. Qe2 a6 23. Qe3 Nc4 24. Bh6+ Kg8 25. Qe2 Bxd4 26. Qxc4 Bg7 27. Bxg7
Kxg7 28. Qd4+ Qf6 29. Qxf6+ Kxf6 30. b4 Nd7 31. Ne4+ Kg7 32. Nxd6 Rc2 33. a3 b5
34. Rc1 Rd2 35. Red1 Rxd1+ 36. Rxd1 Kf6 37. Re1 Nb6 38. Ne8+ Kf5 39. d6 h5 40.
f3 g5 41. Re7 Kg6 42. Kf2 f6 43. g4 hxg4 44. fxg4 Rf7 45. Nc7 Rf8 46. d7 f5 47.
Ne6 Kf6 48. Re8 Nxd7 49. Nxf8 Kf7 50. Nxd7 Kxe8 51. Nc5 fxg4 52. Nxa6 1-0